[Event "Ufa Penzina Memorial"]
[Site "Ufa"]
[Date "2023.08.13"]
[Round "8"]
[White "Vasilieva, Darya"]
[Black "Osmanova, Alina"]
[Result "1-0"]
[WhiteElo "1363"]
[BlackElo "1191"]
[PlyCount "73"]
[EventDate "2023.08.06"]
[EventType "swiss"]
[EventRounds "9"]
[EventCountry "RUS"]
[SourceTitle "CBM 215 Extra"]
[Source "ChessBase"]
[SourceDate "2023.09.30"]
[SourceVersion "1"]
[SourceVersionDate "2023.09.30"]
[SourceQuality "1"]

1. d4 d5 2. c4 e6 3. Nf3 c6 4. g3 Nf6 5. Bg2 g6 6. 0-0 Bg7 7. Qc2 0-0 8. Nbd2 Nbd7 9. Rd1 a6 10. e4 dxe4 11. Nxe4 Nxe4 12. Qxe4 Nf6 13. Qc2 Re8 14. Bf4 Bd7 15. Ne5 Rc8 16. Qd2 b5 17. c5 Nd5 18. Ng4 Nxf4 19. Qxf4 Qe7 20. h4 h5 21. Ne5 Red8 22. a4 Be8 23. axb5 axb5 24. Ra6 Bxe5 25. Qxe5 Qc7 26. Qe4 e5 27. g4 hxg4 28. Qxg4 Bd7 29. Qg5 exd4 30. h5 Bf5 31. Qf6 Kh7 32. Rxc6 Qd7 33. Rd6 Qe8 34. hxg6+ Bxg6 35. R1xd4 Rxc5 36. Rxd8 Qe1+ 37. Bf1 1-0